Evaluation of the population and development program's impact on family planning in rural Egypt /

Bibliographic Details
Main Author: Osman, Mohamed
Format: Thesis Microform Book
Language:English
Published: [Place of publication not identified] : [publisher not identified] ; 1984.
Subjects:

MARC

Tag First Indicator Second Indicator Subfields
LEADER 00000cam a2200000 a 4500
001 in00000015370
005 20151007053039.0
007 he amb|||||||
008 880608r19841984miua bb 00010 eng d
035 |a (OCoLC)18056251 
035 |9 AAB0187AM 
040 |a TXA  |c TXA  |d UtOrBLW 
043 |a f-ua--- 
049 |a TXAI 
099 |a fiche  |a C  |a 8397 
100 1 |a Osman, Mohamed. 
245 1 0 |a Evaluation of the population and development program's impact on family planning in rural Egypt /  |c by Mohamed Osman. 
264 1 |a [Place of publication not identified] :  |b [publisher not identified] ;  |c 1984. 
300 |a xii, 188 leaves :  |b illustrations 
336 |a text  |b txt  |2 rdacontent 
337 |a microform  |b h  |2 rdamedia 
338 |a microfiche  |b he  |2 rdacarrier 
502 |b Ph. D.  |c Cornell University  |d 1984. 
500 |a Vita. 
504 |a Bibliography: leaves 174-188. 
533 |a Microfiche.  |b Ann Arbor, Mich. :  |c University Microfilms International,  |d 1984.  |e 3 microfiches ; 11 x 15 cm. 
500 |a Microform. 
650 0 |a Birth control  |z Egypt. 
610 2 0 |a Population and Development Program (Egypt) 
999 |a MARS 
999 f f |s a0f5454f-a6a0-373a-967c-12737e8c1ab2  |i dded4efe-7d62-3a5c-8733-26d98d12d0f9  |t 0 
952 f f |p normal  |a Texas A&M University  |b College Station  |c Sterling C. Evans Library  |d Evans: Microforms (3rd floor)  |t 0  |e fiche C 8397  |h Other scheme  |i microform -- microfiche  |m A14822821746 
998 f f |a fiche C 8397  |t 0  |l Evans: Microforms (3rd floor)